[Event "Tula Suetin Memorial op"]
[Site "Tula"]
[Date "2002.??.??"]
[Round "8"]
[White "Kuporosov, Viktor"]
[Black "Kharlov, Andrei"]
[Result "1/2-1/2"]
[WhiteElo "2473"]
[BlackElo "2638"]
[PlyCount "139"]
[EventDate "2002.03.23"]
[EventType "swiss"]
[EventRounds "9"]
[EventCountry "RUS"]
[SourceTitle "CBM 087 ext"]
[Source "ChessBase"]
[SourceDate "2002.05.03"]
[SourceVersion "2"]
[SourceVersionDate "2002.08.09"]
[SourceQuality "1"]

1. Nf3 d5 2. g3 Nf6 3. Bg2 g6 4. c4 d4 5. b4 Bg7 6. Bb2 d3 7. O-O Nc6 8. b5 Nb4
9. a3 dxe2 10. Qxe2 Nd3 11. Bc3 O-O 12. a4 Re8 13. Ne5 Nxe5 14. Bxe5 Nh5 15.
Ra3 Bxe5 16. Qxe5 a6 17. d4 Ng7 18. Rd1 Bg4 19. Rd2 Qc8 20. Nc3 Be6 21. Nd5
Bxd5 22. Qxd5 Rb8 23. Re3 c6 24. Qc5 Ne6 25. Qa3 cxb5 26. cxb5 Qd8 27. Qb2 axb5
28. axb5 Qd6 29. h4 Red8 30. d5 Ng7 31. Rde2 Re8 32. Be4 Rbc8 33. Kg2 Rc4 34.
Bf3 Rb4 35. Rb3 Rxb3 36. Qxb3 Nf5 37. Qc4 Qb6 38. Rb2 Nd6 39. Qe2 Qc5 40. Rb3
Nf5 41. Rb2 Nd4 42. Qe3 b6 43. Be4 Rc8 44. h5 Nxb5 45. hxg6 hxg6 46. Bxg6 Qxe3
47. fxe3 Nc3 48. Bf5 Rb8 49. e4 b5 50. Rb4 Rb7 51. Kf3 Kg7 52. Kf4 Rc7 53. g4
Rc5 54. Ke5 Ne2 55. Rb2 Nc1 56. Kd4 Rc4+ 57. Ke3 b4 58. e5 Rc3+ 59. Kf4 Rc4+
60. Ke3 Kf8 61. g5 Rc3+ 62. Kf4 Nb3 63. g6 Rc4+ 64. Ke3 Nc5 65. gxf7 Kxf7 66.
Rc2 Rxc2 67. Bxc2 b3 68. Bf5 b2 69. Kd2 Na4 70. Kc2 1/2-1/2

[Event "Tula Suetin Memorial op"]
[Site "Tula"]
[Date "2002.??.??"]
[Round "9"]
[White "Kharlov, Andrei"]
[Black "Yandemirov, Valeri"]
[Result "1/2-1/2"]
[WhiteElo "2638"]
[BlackElo "2502"]
[PlyCount "31"]
[EventDate "2002.03.23"]
[EventType "swiss"]
[EventRounds "9"]
[EventCountry "RUS"]
[SourceTitle "CBM 087 ext"]
[Source "ChessBase"]
[SourceDate "2002.05.03"]
[SourceVersion "2"]
[SourceVersionDate "2002.08.09"]
[SourceQuality "1"]

1. d4 Nf6 2. c4 g6 3. Nc3 d5 4. cxd5 Nxd5 5. e4 Nxc3 6. bxc3 Bg7 7. Nf3 c5 8.
Be3 Qa5 9. Qd2 O-O 10. Rc1 Rd8 11. d5 e6 12. c4 Qxd2+ 13. Nxd2 b6 14. Be2 Na6
15. O-O Nb4 16. a3 1/2-1/2

[Event "Dubai op"]
[Site "Dubai"]
[Date "2002.04.15"]
[Round "1"]
[White "Sale, Srdjan"]
[Black "Kharlov, Andrei"]
[Result "0-1"]
[WhiteElo "2402"]
[BlackElo "2633"]
[PlyCount "122"]
[EventDate "2002.04.15"]
[EventType "swiss"]
[EventRounds "9"]
[EventCountry "UAE"]
[SourceTitle "CBM 087 ext"]
[Source "ChessBase"]
[SourceDate "2002.05.03"]
[SourceVersion "2"]
[SourceVersionDate "2002.08.09"]
[SourceQuality "1"]

1. e4 c5 2. Nf3 Nc6 3. d3 g6 4. g3 Bg7 5. Bg2 Nf6 6. O-O O-O 7. Nbd2 d6 8. a4
Bd7 9. Nc4 Qc8 10. Re1 Bg4 11. c3 Ne5 12. Ncxe5 dxe5 13. Qc2 Ne8 14. Nd2 Qd7
15. Nc4 Rd8 16. Bf1 Nc7 17. Be3 b6 18. a5 b5 19. Nd2 Na6 20. f3 Be6 21. Be2 Qc6
22. Rf1 Rd6 23. f4 Bh3 24. Rf2 exf4 25. gxf4 Qd7 26. Nf3 Rd8 27. Kh1 Qb7 28.
Rg1 Bd7 29. h4 Bc6 30. Kh2 c4 31. dxc4 Bxe4 32. Qb3 b4 33. Ne5 Re6 34. Rd1 Rxd1
35. Qxd1 Qc7 36. Qa4 Bc6 37. Nxc6 Rxe3 38. Nxb4 Nxb4 39. Qe8+ Bf8 40. cxb4 Qd6
41. Kg2 Qe6 42. Bf3 Qxc4 43. b5 Rb3 44. b6 axb6 45. a6 Rxf3 46. Rxf3 Qxa6 47.
Rc3 Qe2+ 48. Kg3 f5 49. Rc8 Qg4+ 50. Kf2 Qxf4+ 51. Ke2 Qe5+ 52. Kd3 Qf6 53. h5
gxh5 54. b4 h4 55. b5 h3 56. Qc6 Qxc6 57. bxc6 h2 58. c7 h1=Q 59. Rxf8+ Kxf8
60. c8=Q+ Kg7 61. Qc3+ Kg6 0-1

[Event "Dubai op"]
[Site "Dubai"]
[Date "2002.04.16"]
[Round "2"]
[White "Kharlov, Andrei"]
[Black "Timofeev, Artyom"]
[Result "1/2-1/2"]
[WhiteElo "2633"]
[BlackElo "2552"]
[PlyCount "21"]
[EventDate "2002.04.15"]
[EventType "swiss"]
[EventRounds "9"]
[EventCountry "UAE"]
[SourceTitle "CBM 087 ext"]
[Source "ChessBase"]
[SourceDate "2002.05.03"]
[SourceVersion "2"]
[SourceVersionDate "2002.08.09"]
[SourceQuality "1"]

1. e4 c5 2. Nf3 d6 3. d4 cxd4 4. Nxd4 Nf6 5. Nc3 e6 6. Be2 Be7 7. O-O O-O 8.
Kh1 Nc6 9. f4 Bd7 10. Nb3 a6 11. a4 1/2-1/2

[Event "Dubai op"]
[Site "Dubai"]
[Date "2002.04.17"]
[Round "3"]
[White "Sadvakasov, Darmen"]
[Black "Kharlov, Andrei"]
[Result "0-1"]
[WhiteElo "2549"]
[BlackElo "2633"]
[PlyCount "88"]
[EventDate "2002.04.15"]
[EventType "swiss"]
[EventRounds "9"]
[EventCountry "UAE"]
[SourceTitle "CBM 087 ext"]
[Source "ChessBase"]
[SourceDate "2002.05.03"]
[SourceVersion "2"]
[SourceVersionDate "2002.08.09"]
[SourceQuality "1"]

1. e4 c5 2. Nc3 Nc6 3. Nf3 d6 4. d4 cxd4 5. Nxd4 Nf6 6. Bg5 e6 7. Qd2 Be7 8.
O-O-O O-O 9. f4 Nxd4 10. Qxd4 Qa5 11. Bc4 Bd7 12. e5 dxe5 13. fxe5 Bc6 14. Bd2
Nd7 15. Nd5 Qd8 16. Nxe7+ Qxe7 17. Rhe1 Rfd8 18. Qg4 Nf8 19. Bd3 Rd5 20. Bb4
Qd8 21. g3 Ng6 22. Bc3 Qc7 23. Bc4 Rxd1+ 24. Rxd1 b5 25. Bb3 a5 26. a3 Ne7 27.
Bd2 Bd5 28. Bxd5 Nxd5 29. Bh6 Qxe5 30. Bd2 b4 31. a4 Rc8 32. Qf3 Qc7 33. Qd3
Qc4 34. Qxc4 Rxc4 35. b3 Rd4 36. Rf1 e5 37. Re1 f6 38. Re2 Kf7 39. Kb2 Ke6 40.
c4 bxc3+ 41. Bxc3 Nxc3 42. Kxc3 h5 43. Rc2 h4 44. Kb2 h3 0-1

[Event "Dubai op"]
[Site "Dubai"]
[Date "2002.04.18"]
[Round "4"]
[White "Kharlov, Andrei"]
[Black "Galkin, Alexander"]
[Result "1/2-1/2"]
[WhiteElo "2633"]
[BlackElo "2569"]
[PlyCount "112"]
[EventDate "2002.04.15"]
[EventType "swiss"]
[EventRounds "9"]
[EventCountry "UAE"]
[SourceTitle "CBM 087 ext"]
[Source "ChessBase"]
[SourceDate "2002.05.03"]
[SourceVersion "2"]
[SourceVersionDate "2002.08.09"]
[SourceQuality "1"]

1. d4 d5 2. c4 e6 3. Nc3 c6 4. e4 dxe4 5. Nxe4 Bb4+ 6. Bd2 Qxd4 7. Bxb4 Qxe4+
8. Ne2 Na6 9. Bf8 Ne7 10. Bxg7 Nb4 11. Qd6 Nd3+ 12. Kd2 Nf5 13. Qxd3 Qxd3+ 14.
Kxd3 Nxg7 15. Kc3 e5 16. Re1 O-O 17. f4 Re8 18. Ng3 exf4 19. Rxe8+ Nxe8 20. Nh5
Bf5 21. Be2 Nd6 22. Bf3 Bg6 23. Nxf4 Ne4+ 24. Bxe4 Bxe4 25. Rd1 c5 26. Re1 f5
27. g4 b6 28. gxf5 Bxf5 29. Re7 Bb1 30. b3 Rf8 31. Ne6 Rf3+ 32. Kb2 Bf5 33.
Rg7+ Kh8 34. Rf7 Bg4 35. Rxf3 Bxf3 36. Kc3 Kg8 37. Kd2 Be4 38. Nc7 Bc6 39. Ke3
Kf7 40. Kf4 Kf6 41. a4 Ke7 42. Ke5 Bf3 43. Nd5+ Kd8 44. Ne3 Kd7 45. h4 Be2 46.
a5 Kc6 47. axb6 axb6 48. Kf6 b5 49. Kg7 bxc4 50. bxc4 h5 51. Kg6 Kb6 52. Nd5+
Ka5 53. Nf4 Bxc4 54. Kxh5 Bb3 55. Kg5 Bd1 56. h5 Ka6 1/2-1/2

[Event "Dubai op"]
[Site "Dubai"]
[Date "2002.04.24"]
[Round "8"]
[White "Kharlov, Andrei"]
[Black "Kobalia, Mikhail"]
[Result "1/2-1/2"]
[WhiteElo "2633"]
[BlackElo "2602"]
[PlyCount "34"]
[EventDate "2002.04.15"]
[EventType "swiss"]
[EventRounds "9"]
[EventCountry "UAE"]
[SourceTitle "CBM 087 ext"]
[Source "ChessBase"]
[SourceDate "2002.05.03"]
[SourceVersion "2"]
[SourceVersionDate "2002.08.09"]
[SourceQuality "1"]

1. d4 d5 2. Bf4 Nf6 3. e3 c5 4. dxc5 Qa5+ 5. Nd2 Qxc5 6. a3 Qb6 7. b4 a5 8. c4
axb4 9. axb4 Rxa1 10. Qxa1 Nc6 11. b5 Qa5 12. Qxa5 Nxa5 13. Bc7 Nxc4 14. Nxc4
dxc4 15. Bxc4 e6 16. Nf3 Ne4 17. Ke2 Bd6 1/2-1/2

[Event "RUS-chT 9th"]
[Site "Ekaterinburg"]
[Date "2002.05.17"]
[Round "1"]
[White "Kharlov, Andrei"]
[Black "Pigusov, Evgeny"]
[Result "1/2-1/2"]
[WhiteElo "2633"]
[BlackElo "2623"]
[PlyCount "21"]
[EventDate "2002.05.17"]
[EventType "team"]
[EventRounds "10"]
[EventCountry "RUS"]
[SourceTitle "CBM 090"]
[Source "ChessBase"]
[SourceDate "2002.09.20"]
[SourceVersion "1"]
[SourceVersionDate "2002.09.20"]
[SourceQuality "1"]

1. d4 Nf6 2. c4 e6 3. Nf3 d5 4. Nc3 Be7 5. Bg5 h6 6. Bh4 Ne4 7. Bxe7 Qxe7 8.
cxd5 Nxc3 9. bxc3 exd5 10. e3 O-O 11. Bd3 1/2-1/2

[Event "RUS-chT 9th"]
[Site "Ekaterinburg"]
[Date "2002.05.18"]
[Round "2"]
[White "Potapov, Alexander"]
[Black "Kharlov, Andrei"]
[Result "1/2-1/2"]
[WhiteElo "2498"]
[BlackElo "2633"]
[PlyCount "106"]
[EventDate "2002.05.17"]
[EventType "team"]
[EventRounds "10"]
[EventCountry "RUS"]
[SourceTitle "CBM 090"]
[Source "ChessBase"]
[SourceDate "2002.09.20"]
[SourceVersion "1"]
[SourceVersionDate "2002.09.20"]
[SourceQuality "1"]

1. d4 d5 2. c4 dxc4 3. Nf3 a6 4. e3 e6 5. Bxc4 c5 6. O-O Nf6 7. dxc5 Qxd1 8.
Rxd1 Bxc5 9. a3 Nbd7 10. b4 Be7 11. Bb2 O-O 12. Nd4 Nb6 13. Bb3 Bd7 14. Nd2 Na4
15. Rab1 Nxb2 16. Rxb2 a5 17. Nc4 axb4 18. axb4 Rfd8 19. Nb6 Ra6 20. Nxd7 Rxd7
21. b5 Ra8 22. Rc1 Kf8 23. Ra2 Rxa2 24. Bxa2 Bd8 25. Kf1 Ke7 26. Ke2 Bb6 27.
Nf3 Rc7 28. Bc4 Ne4 29. Nd2 Nd6 30. Kd3 Nxb5 31. Ra1 Nd6 32. Bb3 e5 33. g4 Bc5
34. Ne4 Bb4 35. Bd5 Nc8 36. Rb1 Rd7 37. Rxb4 Rxd5+ 38. Kc4 Rd7 39. Nc5 Rc7 40.
Kd5 b6 41. Na4 Kf6 42. h4 h5 43. gxh5 Kf5 44. Nxb6 Rb7 45. Nxc8 Rxb4 46. Nd6+
Kg4 47. Nxf7 e4 48. h6 gxh6 49. Nxh6+ Kf3 50. Nf5 Rb5+ 51. Ke6 Rb2 52. h5 Rxf2
53. h6 Rh2 1/2-1/2

[Event "RUS-chT 9th"]
[Site "Ekaterinburg"]
[Date "2002.05.19"]
[Round "3"]
[White "Kharlov, Andrei"]
[Black "Sorokin, Maxim"]
[Result "1/2-1/2"]
[WhiteElo "2633"]
[BlackElo "2531"]
[PlyCount "71"]
[EventDate "2002.05.17"]
[EventType "team"]
[EventRounds "10"]
[EventCountry "RUS"]
[SourceTitle "CBM 090"]
[Source "ChessBase"]
[SourceDate "2002.09.20"]
[SourceVersion "1"]
[SourceVersionDate "2002.09.20"]
[SourceQuality "1"]

1. d4 d5 2. Nf3 e6 3. Bg5 Be7 4. Bxe7 Qxe7 5. c4 Nf6 6. Nc3 O-O 7. cxd5 exd5 8.
Qc2 c5 9. dxc5 Qxc5 10. e3 Nc6 11. Be2 Bg4 12. O-O Rad8 13. Rfd1 d4 14. Nxd4
Nxd4 15. exd4 Rxd4 16. Rxd4 Qxd4 17. Rd1 Qe5 18. h3 Bxe2 19. Qxe2 Qxe2 20. Nxe2
Re8 21. Nc3 g5 22. Kf1 Kg7 23. Rd4 Re5 24. Rb4 b6 25. Ra4 a5 26. Rd4 b5 27. a3
Ne8 28. Re4 Rxe4 29. Nxe4 h6 30. Ke2 f5 31. Nc3 Nc7 32. g3 Kf6 33. Ke3 Ke5 34.
Kd3 h5 35. b4 axb4 36. axb4 1/2-1/2

[Event "RUS-chT 9th"]
[Site "Ekaterinburg"]
[Date "2002.05.21"]
[Round "5"]
[White "Kharlov, Andrei"]
[Black "Semeniuk, Alexander"]
[Result "0-1"]
[WhiteElo "2633"]
[BlackElo "2464"]
[Annotator "Atlas,V"]
[PlyCount "66"]
[EventDate "2002.05.17"]
[EventType "team"]
[EventRounds "10"]
[EventCountry "RUS"]
[SourceTitle "CBM 090"]
[Source "ChessBase"]
[SourceDate "2002.09.20"]
[SourceVersion "1"]
[SourceVersionDate "2002.09.20"]
[SourceQuality "1"]

1. e4 c5 2. Nf3 e6 3. d4 cxd4 4. Nxd4 Nf6 5. Nc3 d6 6. Be2 Be7 7. O-O O-O 8. f4
a6 9. a4 Nc6 10. Kh1 Qc7 11. Be3 Re8 12. Qd2 Na5 13. Qd3 Rd8 14. Rad1 b6 15. b4
Nb7 16. Bc1 Bd7 17. Bb2 a5 18. Ncb5 Qb8 19. c3 d5 20. e5 Ne4 21. Nc2 axb4 22.
cxb4 Rxa4 23. Qb3 Ra8 24. Ne3 Nbc5 25. bxc5 bxc5 26. Ba3 Bxb5 27. Bxb5 c4 28.
Nxc4 dxc4 29. Rxd8+ Qxd8 30. Qc2 Qd4 $1 ({A winning move. An interesting
alternative was an amazing knight thrust:} 30... Nd2 31. Bxe7 Nxf1 32. Bxd8 Ra1
$1 33. h4 (33. Qb2 Ng3#) 33... Ne3+ 34. Kh2 Nxc2 35. Bxc4 Ne3 {, and Black
needs to overcome serious technical problems to achieve a victory.}) 31. Bxe7 {
[%tqu "En","How to continue Black's attack?","Exploit the weakness of White's
back rank.","Employ your knight!","e4f2","Of course! Now the White king us
doomed.",6]} Nf2+ $1 {[%csl Gf2,Rh1][%cal Gd4g1,Gf2h1,Ga8a1] A remarkable
justification of the bishop sacirfice.} 32. Kg1 ({The knight is invulnerable:} 
32. Qxf2 Qxf2 33. Rxf2 Ra1+) 32... Nh3+ 33. Kh1 Ra1 $1 {The final blow!} (33...
Ra1 {White resigned in view of inevitable mate:} 34. Qe2 (34. Rxa1 Qxa1+) (34.
gxh3 Rxf1+ 35. Kg2 Qg1#) 34... Qg1+ 35. Rxg1 Rxg1#) 0-1

[Event "EU-ch 3rd"]
[Site "Batumi"]
[Date "2002.06.12"]
[Round "1"]
[White "Kharlov, Andrei"]
[Black "Mamedov, Nidjat"]
[Result "1-0"]
[WhiteElo "2633"]
[BlackElo "2463"]
[Annotator "Mueller,Karsten"]
[PlyCount "81"]
[EventDate "2002.06.12"]
[EventType "swiss"]
[EventRounds "13"]
[EventCountry "GEO"]
[SourceTitle "CBM 090"]
[Source "ChessBase"]
[SourceDate "2002.09.20"]
[SourceVersion "1"]
[SourceVersionDate "2002.09.20"]
[SourceQuality "1"]

1. e4 c5 2. Nf3 d6 3. d4 cxd4 4. Nxd4 Nf6 5. Nc3 Nc6 6. f3 e5 7. Nb3 Be7 8. Be3
O-O 9. Qd2 a5 10. Bb5 Na7 11. Bd3 Be6 12. Qf2 (12. Rd1 {1-0 Vorobiov,E-Lukin,A/
St Petersburg RUS 2002/The Week in Chess 381 (45). (44) is the main line. ist
die Hauptvariante.}) (12. a3 Nc8 13. Qf2 a4 14. Nc1 d5 $11 {1-0 Arizmendi
Martinez,J-Vuckovic,B/Biel SUI 2001/The Week in Chess 352 (65)}) (12. O-O Nc8
13. a4 Nb6 14. Qf2 Nc4 15. Bxc4 Bxc4 16. Rfd1 Qc8 17. Bb6 Nd7 18. Nd5 Bxd5 19.
Rxd5 Nxb6 20. Qxb6 Qxc2 $132 {0-1 Filipenko,A-Miroshnichenko,E/Bled 2000/CBM
75 ext (35)}) 12... Nc6 13. Bb5 Qc8 $2 {bringt Schwarz in Schwierigkeiten.} (
13... d5 $1 {sollte genauer untersucht werden. Mir scheint, dass Schwarz so
spielen kann, z.B.} 14. exd5 (14. Nxd5 Nxd5 15. exd5 Qxd5 16. Nc5 Bxc5 17. Bxc5
Rfd8 18. O-O Nd4 $15) 14... Nxd5 15. O-O-O a4 16. Nxa4 Qc7 $44) 14. Rd1 Nb8 (
14... Rd8 15. Na4 Nb4 $6 16. Rd2 $14 {/+/-} (16. c4 $2 Bxc4 17. Nb6 Bxb5 18.
Nxc8 Rdxc8 $44)) 15. O-O Nbd7 16. Rd2 Rd8 (16... Qc7 17. Rfd1 Nc5 18. Nxc5 dxc5
19. a4 $14) 17. Rfd1 Ne8 18. Na4 Nef6 19. Rd3 (19. Bb6 $5) 19... Bc4 {eine
sehr mutige Entscheidung, die in der Partie nicht belohnt wird. Die schwarze
Lage ist allerdings nicht einfach, z.B.} (19... Qb8 20. Nb6 Nxb6 21. Bxb6 Rc8
22. Nxa5 (22. a4 $5) 22... d5 23. exd5 Bf5 (23... Rxa5 $2 24. Bxa5 Bc5 25. Qxc5
Rxc5 26. dxe6 $18) 24. Rc3 Bb4 25. Rxc8+ Qxc8 26. Nxb7) 20. Rc3 Bxb5 21. Rxc8
Rdxc8 22. Nb6 (22. Nc3 Bc4 23. a4 Ra6 $14 {/+/-}) 22... Nxb6 23. Bxb6 a4 24.
Nc1 Bc4 25. b3 Be6 26. Nd3 d5 27. Nxe5 dxe4 28. c4 axb3 29. axb3 Ra3 30. Qc2
Ra6 31. Be3 (31. Bd4 $5) 31... exf3 32. Nxf3 b5 33. c5 Nd5 34. Bf2 b4 $6 (34...
Rac6 35. Ne5 R6c7 (35... Rxc5 $6 36. Bxc5 Bxc5+ 37. Kh1 Ne3 38. Qxc5 $16) 36.
Nd3 Bf6 37. Rc1 Ra7 $14 {/+/-}) 35. Qc4 Nc7 $6 (35... Nc3 36. Qxa6 Nxd1 $16 {
liefert härteren Widerstand.}) 36. Qxb4 Raa8 37. Nd4 Na6 (37... Bd5 38. Nf5 Bf8
39. Qc3 Ra3 40. Nd4 Ne6 41. Qc1 Bxb3 42. Qxa3 Bxd1 43. Nxe6 fxe6 44. Qa6 $18)
38. Qb7 Bg4 (38... Bxc5 39. Nxe6 fxe6 40. Rd7 Kh8 41. Rxg7 Nc7 42. Bxc5 Kxg7
43. Bd6 Rab8 44. Qf3 Rb5 45. Bxc7 $18) 39. Qxe7 $6 (39. Ra1 {gewinnt forciert:}
Nxc5 40. Qxa8 Rxa8 41. Rxa8+ Bf8 42. h3 Bd1 43. Be1 $18) 39... Bxd1 40. Nf5 Rc7
$2 {[%mdl 8192]} (40... Bc2 41. Qe5 Bxf5 42. Bd4 f6 43. Qxf5 Kh8 $16 {
allerdings kann Schwarz noch Widerstand leisten.}) 41. Qe5 (41. Qe5 f6 42. Qd5+
Rf7 43. Qxa8+ Rf8 44. Qb7 $18) 1-0

[Event "EU-ch 3rd"]
[Site "Batumi"]
[Date "2002.06.13"]
[Round "2"]
[White "Goloshchapov, Alexander"]
[Black "Kharlov, Andrei"]
[Result "0-1"]
[WhiteElo "2543"]
[BlackElo "2633"]
[Annotator "Rogozenco,D"]
[PlyCount "114"]
[EventDate "2002.06.12"]
[EventType "swiss"]
[EventRounds "13"]
[EventCountry "GEO"]
[SourceTitle "CBM 090"]
[Source "ChessBase"]
[SourceDate "2002.09.20"]
[SourceVersion "1"]
[SourceVersionDate "2002.09.20"]
[SourceQuality "1"]

1. e4 c5 2. Nf3 Nc6 3. d4 cxd4 4. Nxd4 Nf6 5. Nc3 e5 6. Ndb5 d6 7. Bg5 a6 8.
Na3 b5 9. Bxf6 gxf6 10. Nd5 Bg7 11. c3 f5 12. Bd3 Be6 13. Qh5 {In the main
lines of Sveshnikov Sicilian one should be very well prepared. But even so the
evaluation of those lines is often far from clear. That's why from time to
time we see on the high level how White players are looking for new ideas in
less popular variations. The present line was often met in the practice long
time ago and used lately by Anand, although without particular success.
White's point after 13...0-0 is to play 14 exf5 (14 0-0=) Bxd5 15 f6.  In
spite of the constantly raising popularity of Sveshnikov Sicilian there are a
lot of unexplored territories and often we witness the following scenario:
White is having an idea in a particular variation, but the opponent steps into
a different direction before White is able to implement his initial idea. I
suppose this was the case of the present game.} Rb8 {A rare move. After the
common 13...e4 Black was successfully solving all opening problems, so it
remains unclear where exactly White prepared an improvement.} (13... O-O {
The main and probably strongest move.} 14. exf5 Bxd5 15. f6 h6 $5 {Again Black
is the one to avoid the main continuation 15...e4, which leads to unclear
positions.} 16. fxg7 Kxg7 17. Nc2 Be6 18. Ne3 d5 {was fine for Black in Anand,
V-Ivanchuk,V/Linares 2002.}) 14. Nc2 f4 15. g3 {White is doing everything
correctly. As soon as Black plays ...f4, the move g2-g3 is traditionally best
reply.} fxg3 16. fxg3 {The recapture with h-pawn seems more natural, although
the game continuation is an interesting decision too.} (16. hxg3 a5 17. Nce3 b4
18. Nf5 Bxf5 19. Qxf5 {looks better for White.}) 16... O-O {White has pressure
on the f-file, but at least Black could castle.} 17. Nce3 (17. O-O a5) 17... b4
18. O-O bxc3 19. bxc3 a5 ({No time for} 19... Rb2 {since White can take the
pawn} 20. Bxa6) 20. Rf2 {covering square b2 and preparing to double rooks on
the f-file.} Ne7 21. Raf1 Kh8 22. Bc4 $14 {White can be content with the
position. His pieces are active, while Black has no clear counterplay.} Rc8 23.
Nf6 (23. Bb3 $5 {keeping the pressure.}) 23... Bxf6 24. Bxe6 fxe6 25. Rxf6 Rxf6
26. Rxf6 Qb6 {Now Black has counterplay and White makes the first mistake.} 27.
Qg5 $2 (27. Qh6 $4 Ng8) (27. Kf2 $1 {was the right move, when the threats
against black king should not be underestimated.}) 27... Rg8 28. Qh6 Rg6 $1 {
Forcing the trade of White's active rook, Black has good chances to overtake
the initiative. It is rather typical for Sveshnikov Sicilian - a mistake is
enough to change the evaluation from a better position into an worse one,
although here it is probably unclear whether Black is already better.} 29. Rxg6
Nxg6 30. h4 Kg8 31. Kh2 $2 {Second mistake makes White's position very
critical.} (31. h5 $2 Nf4 $1 $19) (31. Qg5 $5) (31. Kf2 $5 Qb2+ 32. Kf3 Qxa2
33. h5 (33. Qg5 $5) 33... Nf8 34. Qg5+ Kf7 35. Qd8 $132) 31... Qb2+ 32. Ng2 (
32. Kh3 Qxa2 (32... Qb1 $5 {[%csl Re4,Rh1]}) 33. h5 Qb1 $1 34. Qg5 Qh1+ 35. Kg4
Qxe4+ 36. Kh3 Qh1+ 37. Kg4 Kf7 38. hxg6+ hxg6 $17 {/-+}) 32... Qxa2 33. h5 Nf8
34. Kh3 $2 {h3 is a bad square for the king and it will soon have to step back.
} (34. Qg5+ Kf7 35. Qd8 $17) 34... Qe2 $1 $19 35. Ne3 Qf3 36. Qg5+ Kf7 37. Kh2
Qf6 38. Qg4 Qf2+ 39. Ng2 a4 {Kharlov skillfully used opponent's mistakes and
reached an winning position.} 40. Qd1 a3 41. Qxd6 Qa7 42. Qd1 a2 43. Qa1 Qf2
44. c4 Nd7 45. c5 Nxc5 46. Qxe5 Nxe4 47. Qc7+ Kf6 48. Qd8+ Kf5 49. Qf8+ Kg4 50.
Qg7+ Kf3 51. Qf8+ Ke2 52. Qa8 Kd1 53. Qa4+ Kc1 54. Qa3+ Qb2 55. Qe3+ Nd2 56.
Qg1+ Kc2 57. Ne1+ Kb1 (57... Kb1 58. Nd3+ Nf1+ {A nice double-check, at the
same time protecting the own king.} 59. Kh3 Qh2+) 0-1

[Event "EU-ch 3rd"]
[Site "Batumi"]
[Date "2002.06.14"]
[Round "3"]
[White "Kharlov, Andrei"]
[Black "Jakovenko, Dmitrij"]
[Result "1/2-1/2"]
[WhiteElo "2633"]
[BlackElo "2557"]
[PlyCount "57"]
[EventDate "2002.06.12"]
[EventType "swiss"]
[EventRounds "13"]
[EventCountry "GEO"]
[SourceTitle "CBM 090"]
[Source "ChessBase"]
[SourceDate "2002.09.20"]
[SourceVersion "1"]
[SourceVersionDate "2002.09.20"]
[SourceQuality "1"]

1. c4 Nf6 2. Nc3 e6 3. e4 d5 4. e5 d4 5. exf6 dxc3 6. bxc3 Qxf6 7. Nf3 c5 8.
Bd3 Bd6 9. Be4 O-O 10. d4 h6 11. O-O Nd7 12. Rb1 Rb8 13. Re1 Rd8 14. Be3 Qe7
15. Qc1 Qf8 16. Bf4 b6 17. Bg3 Bxg3 18. hxg3 Nf6 19. Ne5 Bb7 20. Bxb7 Rxb7 21.
Qf4 cxd4 22. cxd4 Rc7 23. Rbd1 Rcc8 24. Qf3 Qd6 25. Rd3 Re8 26. a4 Re7 27. Rc1
Nd7 28. Qb7 Qc7 29. Qxc7 1/2-1/2

[Event "EU-ch 3rd"]
[Site "Batumi"]
[Date "2002.06.15"]
[Round "4"]
[White "Socko, Bartosz"]
[Black "Kharlov, Andrei"]
[Result "1/2-1/2"]
[WhiteElo "2564"]
[BlackElo "2633"]
[PlyCount "121"]
[EventDate "2002.06.12"]
[EventType "swiss"]
[EventRounds "13"]
[EventCountry "GEO"]
[SourceTitle "CBM 090"]
[Source "ChessBase"]
[SourceDate "2002.09.20"]
[SourceVersion "1"]
[SourceVersionDate "2002.09.20"]
[SourceQuality "1"]

1. e4 e5 2. Nf3 Nc6 3. Bb5 Nf6 4. O-O Nxe4 5. d4 Nd6 6. Bxc6 dxc6 7. dxe5 Nf5
8. Qxd8+ Kxd8 9. Nc3 h6 10. b3 Bd7 11. Bb2 Kc8 12. Rad1 b6 13. h3 Ne7 14. Rd2
c5 15. Rfd1 Be6 16. Ne2 g5 17. Rd8+ Kb7 18. Rxa8 Kxa8 19. h4 g4 20. Nh2 h5 21.
Rd8+ Kb7 22. Nf4 Ng6 23. g3 c4 24. Nxe6 fxe6 25. bxc4 Ne7 26. Ba3 c5 27. f3 Kc7
28. Rd1 Nf5 29. fxg4 hxg4 30. Rd3 Rg8 31. Bc1 Be7 32. Kg2 Kc6 33. Rd1 b5 34.
cxb5+ Kxb5 35. Rd7 Kc6 36. Rxa7 Bxh4 37. gxh4 Nxh4+ 38. Kg3 Nf5+ 39. Kf4 Nd4
40. Nxg4 Ne2+ 41. Kf3 Nd4+ 42. Kg3 Ne2+ 43. Kh4 Nxc1 44. Ra6+ Kb5 45. Rxe6 Nxa2
46. Rd6 Nc3 47. Nf6 Rg2 48. e6 Rxc2 49. Kg5 Kc4 50. Ra6 Kb5 51. Ra3 Kb4 52. Ra6
Kb5 53. Rd6 Kc4 54. Rb6 Nb5 55. Ng4 Nc7 56. Kf5 Kc3 57. Ne5 Rf2+ 58. Ke4 Re2+
59. Kf5 Rf2+ 60. Ke4 Re2+ 61. Kf5 1/2-1/2